A Honvéd

Bibliographic Details
Main Authors: Tóth, Zsigmond (Author), Balassa, Zoltán, 1949- (Author)
Format: Article
Language:Hungarian
Slovak
Subjects:

MARC

LEADER 00000nab a2200000 a 4500
001 vtls000446397
003 SK-MaSNL
005 20260319075409.0
008 160202c1992 xo 0 hun
015 |a SNBRB19rr/mm-uuuuu 
035 |a CL0446528 
040 |a SNKBUCL  |b slo  |c SNKBUCL  |e AACR2 
041 0 |a slo 
044 |a xo  |c SK 
080 |a 793.31+784.4(439)  |2 1981 
080 |a 784.4(439)  |2 1981 
100 1 |a Tóth, Zsigmond  |4 aut  |9 974158 
245 1 0 |a A Honvéd  |c Zsigmond Tóth, Zoltán Balassa 
650 0 7 |a Honvéd Művészegyüttess (súbor folklórny maďarský)  |2 snkbucl  |9 974159 
651 7 |a 5403  |2 snkbucl  |9 893808 
655 7 |a články z novín a časopisov  |2 snkbucl  |9 267496 
700 1 |a Balassa, Zoltán,  |d 1949-  |4 aut  |9 502859 
773 0 |t Szabad újság  |g Roč. 2, č. 9 (11. 1. 1992), s. 5 
850 |a Slovenská národná knižnica v Martine  |a MTA001 
852 |a SNK  |b KIS3GCP 
958 |a RK 
958 |a HU 
992 |a RBX 
999 |c 1557713  |d 1559643